000 00555nam a2200169Ia 4500
003 GCL
008 140319s9999 xx 000 0 ara d
040 _aGCL /
_cGCL
082 0 4 _a344.02
_bم ش
100 1 _aمصطفى الحمال
245 1 0 _aشرح احكام القانون المدنى مصادر الالتزام /
_cمصطفى الحمال
260 _a[S.N] :
_bمكتبه النهضه المصريه ،
_c1991
300 _a475 ص
490 _aالكتب القانونية
_v0
650 0 4 _aالقانون المدنى
942 _2ddc
_cBK
999 _c27694
_d27694